Bombardier Dash-8 family operators - Statistics

General Stats
  • This quiz has been taken 13 times
  • The average score is 12 of 106
Answer Stats
-100 -200 -300 -400 Airline % Correct
- - - 39 Air Canada Express
75%
- - 23 23 Air New Zealand
75%
- 8 - 8 Air Greenland
63%
- 3 - 3 Icelandair
63%
- 3 16 31 QantasLink
63%
- - - 6 Croatia Airlines
50%
- - - 33 Ethiopian Airlines
50%
- - - 11 Luxair
50%
- - - 29 Porter Airlines
50%
3 - 12 15 Air Inuit
38%
- - - 24 ANA Wings
38%
- - - 7 Jambojet
38%
- - - 5 Qazaq Air
38%
- 2 - 5 SATA Air Açores
38%
- - - 28 SpiceJet
38%
- - - 6 TAAG Angola Airlines
38%
- - - 47 WestJet Encore
38%
23 3 4 16 Widerøe
38%
15 - 2 17 Air Creebec
25%
- - - 5 Air Tanzania
25%
- 2 1 5 Aurora
25%
- - - 5 Biman BangladeshAirlines
25%
- 2 7 - Maldivian
25%
2 - - - Olympic Air
25%
- - - 4 Air Côte d'Ivoire
13%
8 - - - Airlines PNG
13%
- - 1 4 Air Niugini
13%
- - 1 2 Hydro-Québec
13%
- - - 4 Luxwing
13%
- - 3 - North Cariboo Air
13%
- 2 - - Oriental Air Bridge
13%
- - - 10 PAL Express
13%
- - - 2 RwandAir
13%
- - - 5 Ryukyu Air Commuter
13%
- - - 7 Shree Airlines
13%
1 - - 4 Universal Air
13%
20 - 18 2 Voyageur Airways
13%
6 - - 12 748 Air Services
0%
- 1 3 6 Abu Dhabi Aviation
0%
- - 1 1 Aero Contractors
0%
- - - 2 Aero Transporte S.A.
0%
1 - - 1 Air Bikini
0%
1 1 - - Airkenya Express
0%
1 - - 1 Air Kiribati
0%
1 - - 1 Air Marshall Islands
0%
1 1 - - Airworks Kenya
0%
- - - 4 Arik Air
0%
3 - - - Asia Pacific Airlines(PNG)
0%
1 1 - - Auric Air
0%
- 1 - - Avioandes
0%
3 1 - - Avmax Aircraft Leasing
0%
- 1 - - Banco de México
0%
- 7 - - Berry Aviation
0%
3 - - - Bighorn Airways
0%
3 - - 4 Bluebird Aviation
0%
3 1 - - Blue Bird AviationYemen
0%
- 2 - 14 Bombardier Inc.
0%
- - - 2 Camair-Co
0%
1 - 2 4 CemAir
0%
5 - 5 - Central Mountain Air
0%
1 - - - Chrono Aviation
0%
- - - 14 Conair Group
0%
- - - 2 Congo Airways
0%
- - - 2 Connect Airlines
0%
- - - 2 ConocoPhillips
0%
2 1 - 1 DAC East Africa
0%
8 1 2 - ALS – Aircraft Leasing Services
0%
4 1 3 4 Dynamic Aviation
0%
- - - 3 Falcon Aviation Services
0%
1 1 1 - Fly540
0%
- - 1 - Goldcorp Canada
0%
- 1 1 - Gouvernement duQuébec
0%
- - - 2 Heli Malongo Airways
0%
- - - 1 LAM MozambiqueAirlines
0%
3 - 2 - Maroomba Airlines
0%
- - 1 - Medavia
0%
- - - 1 Moçambique Expresso
0%
- - - 9 National Jet Express
0%
1 - - - Nav Canada
0%
- - - 5 Nexus Airlines
0%
- - 1 - Nouvelle AirAffaires Gabon
0%
2 - 6 7 PAL Aerospace
0%
- - 3 2 Passion Air
0%
6 - 5 - Perimeter Aviation
0%
- - 2 - Petro Air
0%
- - 5 - Petroleum Air Services
0%
1 - - - Pivot Airlines
0%
- - 3 - Polyarnye Avialinii
0%
- - 2 - Prime Aviation
0%
- - 1 - Proflight Zambia
0%
1 - - - Province of Alberta,Department Of Public Works
0%
10 - 1 - Ravn Alaska
0%
1 - - - Regional 1
0%
- 1 2 - Safarilink Aviation
0%
4 - 6 - Skippers Aviation
0%
5 - 1 - Skytrans Airlines
0%
1 - 1 - Skyward Express
0%
- - - 2 Star Peru
0%
2 - 1 - Summit Air
0%
- 1 3 - Sunwest Aviation
0%
- 4 - 4 Tassili Airlines Algeria
0%
- 2 - - Trans Nation Airways
0%
3 - - - Transport Canada
0%
- - - 2 UmzaXpress
0%
4 - 2 - Wasaya Airways
0%
- - 1 1 World Wide AircraftFerrying
0%
No matching quizzes found
Score Distribution
Percent of People with Each Score
Percentile by Number Answered
Your Score History
You have not taken this quiz